000 01381nam a2200361 a 4500
001 000010976
003 DO-SdBNP
005 20211104104322.0
007 000010976
008 091013s2009 dr ach 001 0 spa d
020 _a9789993431305 (rústica)
020 _a9789993431299 (tapa dura)
040 _aBPMSU
_bspa
_cBPMSU
092 _a972.9305
_bO88g 2009
_222
245 0 3 _aLa otra guerra de abril :
_bla batalla cultural de los constitucionalistas /
_cinvestigación, compilación y notas Pedro Pablo Fernández.
260 _aSanto Domingo :
_bBiblioteca Nacional Pedro Henríquez Ureña,
_c2009.
300 _a371, (20) p. :
_bil., retrs., facsíms. ;
_c27 cm.
490 1 _aTestimonio
500 _aIncluye índice onomástico
504 _aIncluye referencias bibliográficas y notas al pie de las páginas
504 _aBibliografía: p.363-368
650 4 _aPERIODÍSMO POLÍTICO
_zREPÚBLICA DOMINICANA
650 4 _aPOLÍTICA Y CULTURA
_zREPÚBLICA DOMINICANA
650 4 _aLITERATURA DOMINICANA
650 4 _aARTE Y REVOLUCIONES
_zREPÚBLICA DOMINICANA
651 4 _aREPÚBLICA DOMINICANA
_xHISTORIA
_yREVOLUCIÓN, 1965
700 1 _aFernández, Pedro Pablo,
_ecomp.
830 0 _aTestimonio
910 _aValidado. Control de calidad BNPHU.
942 _2ddc
_cBK
945 _aInventariado / 2017 VM
956 _aVMATEO
_b10
_c20150717
_lBPMSU
_h00151
999 _c7561
_d7561